| 000 | 00947cam a22002895i 4500 | ||
|---|---|---|---|
| 999 |
_c27135 _d27107 |
||
| 001 | 17453936 | ||
| 003 | OSt | ||
| 005 | 20190213111003.0 | ||
| 008 | 120906s2014 nyua fr 001 0 eng d | ||
| 020 | _a9780073398013 (acid-free paper) | ||
| 040 |
_aDLC _beng _cDLC _erda _dEG-ScBUE |
||
| 043 | _an-us--- | ||
| 082 | 0 | 4 |
_a692.5 _222 _bPEU |
| 100 | 1 |
_aPeurifoy, R. L. _q(Robert Leroy), _d1902-1995. _925464 |
|
| 245 | 1 | 0 |
_aEstimating construction costs / _cRobert L. Peurifoy, Garold D. Oberlender. |
| 250 | _a6th ed. | ||
| 264 | 1 |
_aNew York : _bMcGraw-Hill / McGraw-Hill Companies, Inc., _cc.2014. |
|
| 300 |
_axviii, 574 pages : _billustrations ; _c24 cm. |
||
| 336 |
_atext _2rdacontent |
||
| 337 |
_aunmediated _2rdamedia |
||
| 338 |
_avolume _2rdacarrier |
||
| 500 | _aIncludes index. | ||
| 650 | 7 |
_aBuilding _xEstimates _zUnited States. _2BUEsh _925465 |
|
| 653 |
_bENGCIV _cFebruary2019 |
||
| 700 | 1 | _aOberlender, Garold D. | |
| 942 |
_2ddc _cBB |
||